000 00298nam a22001337a 4500
008 170807b xxu||||| |||| 00| 0 eng d
020 _a9781418889548
041 _aeng
080 _a004
100 _a33
101 _aSHKI
245 _aMICROSOFT OFFICE WORD 2003
_cSPRINGER, M
942 _2udc
_cBK
999 _c22793
_d22793